000 01012nam a22003017a 4500
001 4969
003 FISKH
005 20241028162615.0
008 241028b cb ||||| |||| 00| 0 eng d
020 _a9780590353427
040 _aFISKH
_beng
_cFISKH
_dFISKH
050 _aPJ5124
082 _a823.914
100 _aRowling, J. K.
245 _aHarry Potter and the Sorcerer's Stone /
_cby J. K. Rowling
250 _aFirst Scholastic trade paperback printing, September 1999
260 _aNew York :
_bScholastic ;
_c1997.
300 _a309 pages :
_billustrations ;
_c20 cm .
490 _aHarry Potter
_vBook 1
505 _aW
520 _aRescued from the outrageous neglect of his aunt and uncle, a young boy with a great destiny proves his worth while attending Hogwarts School for Wizards and Witches.
521 8 _a880
_bLexile
521 8 _aW
_bRaz-Plus
650 _achildren's
_vfiction
700 _aGrandpre, Mary
_eillustrator
942 _2ddc
_cBK
_n0
999 _c4969
_d4969